000 00415nam a2200157 i 4500
001 bg
100 1 _aRUBINOWICZ, Wojciech
245 0 _aMechanika teoretyczna /
_cWojciech Rubinowicz, Wojciech Królikowski.
250 _aWyd.5 popr. i uzupeł.
260 _aWarszawa,
_c1978.
700 1 _aKRÓLIKOWSKI, Wojciech
040 _cBPK
041 _apol
942 _cKS
008 s pl f |000 0 pol
999 _c17700
_d17700
856 _uhttp://koha.tu.koszalin.pl/cgi-bin/koha/opac-detail.pl?biblionumber=17700
_yKatalog online BPK